Najvyužívanejšie sociálne siete dnešnej doby

Definícia sociálnych sietí. Charakteristika sociálnych sietí Facebook, twitter, Instagram, LinkedIn, Google+, YouTube, Pinterest, Tumblr, TVtag a Pheed.

Salvato in:
Dettagli Bibliografici
Autore principale: Kopčáková, Janka, 1994-
Natura: Capitolo di libro
Lingua:slovacco
Soggetti:
Tags: Aggiungi Tag
Nessun Tag, puoi essere il primo ad aggiungerne!!

MARC

LEADER 00000naa$a2200000$$$4500
001 0271715
005 20240502074303.1
041 0 |a slo 
044 |a SK 
245 1 0 |a Najvyužívanejšie sociálne siete dnešnej doby  |c Janka Kopčáková 
520 |a Definícia sociálnych sietí. Charakteristika sociálnych sietí Facebook, twitter, Instagram, LinkedIn, Google+, YouTube, Pinterest, Tumblr, TVtag a Pheed. 
610 2 0 |a siete sociálne 
610 2 0 |a internet 
610 2 0 |a používatelia 
100 1 |a Kopčáková, Janka, 1994-